| 000 | 00919nam a2200277 a 4500 | ||
|---|---|---|---|
| 001 | vtls001349858 | ||
| 003 | NLI | ||
| 005 | 20210627081533.0 | ||
| 008 | 120623s1954 ii s000 0 eng | ||
| 039 | 9 |
_y201206231945 _zVLOAD |
|
| 040 |
_aNLI _beng _cDatasoft_IOD_S _eAACR2 |
||
| 041 | 0 | _aeng | |
| 044 | _a ii | ||
| 082 | 0 | 4 | _a 338 |
| 110 | 1 |
_aIndia. _bDepartment of Industrial Policy _9836133 |
|
| 245 | 1 | 0 |
_aRecommendations of the task force on simplification of procedures for industry / _cDepartment of industrial policy, Government of India |
| 260 |
_aBengal : _bGovernment of West Bengal, _c1954 |
||
| 300 |
_a111 p. ; _c24 cm. |
||
| 650 | 0 |
_aIndustries _zIndia |
|
| 650 | 0 |
_aIndustrial organization (Economic theory) _9742910 |
|
| 887 | _a | ||
| 901 |
_a132329 date _b18.07.2000 |
||
| 902 | _aGP 338.(5415) R 245 | ||
| 949 |
_AVIRTUAITEM _D10002 _X100 _6IOD000132329ENG |
||
| 942 |
_2ddc _cBKS |
||
| 999 |
_aVIRTUA40 _c720427 _d720427 |
||